Sannin kappaleita lyriikoiden mukaan - Statistics

Yleistilastot
  • Tätä visaa on pelattu 94 kertaa
  • Keskiarvotulos 7 / 15
Vastaustilastot
Sanat Kappale % Oikein
Netflix-sarjoja, syön purkista Voisin siivota, mut kenen takia Kahvi laimeeta, tänäkin aamuna Mitähän sulle mahtaa kuulua 2080-luvulla
96%
Katselen sua sä näytät samalta Mutta äänessäs on jotain uutta Onpa kiva pitkästä aikaa jutella Vaikka en tunne enää sinua Me ei olla enää me
85%
En haluu kahlita sua tai käyttää jesarii mut oon välil kotona jo ennen Hesarii Että mitähän vittua
77%
Painan päätä auton penkkiin Ku mä ajan hiljaa pois Perheenä me sinne mentiin Erikseen me lähettiin Haukilahden rantaan
70%
Taakse jää Helsinki-Vantaa Saa laukut yksin kantaa Ku ottaa omaa lomaa Hotellilta suoraan rantaan Jacuzzi
68%
Oon vuokralla mun kehossa Asunnon maksan ruokapalkalla Maali rapisee seinät lohkeilee Kuka korjaa Jos mä oon oikee
65%
Mä voin tulla sun luokse Ku tarviin yösijaa Ku päivät ohi juoksee Enkä niistä kiinni saa Trampoliini
34%
Sä nousit vääräl jalalla Sen huomaa aamupalalla Kun katot tolla tavalla Sit ku mä oon vapaa
32%
Eilisilta oli farssi Ja aamu niin ku morsian Eilen sä tappelit ja tanssit Tänään pääsi on ku pronssia Mielenmaisemat
31%
Oon saanut turpaan ehkä liian monta kertaa, mm Ja taas oon kaivamas nenästä lisää verta, mm Dementia
24%
Jos saisin ottaa susta kunnolla kii mä Tekisin niin enkä miettisi yhtään Että meen ihan kohta takas kotiin ja Pitää keksii miksi vastaa näin myöhään Pettäjä
23%
Sä voit sanoa et silloin oli aikamoista Niellä sanoja ja muistaa koko ajan toistaa Kesken
20%
Kello esillä, spittarit kiiltävät, Statukset partaterällä viiltävät. Bisse seltä, nallia lisätään, Mikä on totta, onko totta enää mikään? Prinsessoja & astronautteja
20%
Oh yeah Let's go Tekstaat mun kaa Iltamyöhään Sä teet ruokaa Pyydät syömään Pommi (pampampam)
18%
Kuunnellaan Oasista ja lauletaan omilla sanoilla Me ollaan paljaita haarniskaa ei täällä tarvita Syön savua sun huulilta Mitä jos ne näkee
15%
Ehtoja vastaavia visoja ei löytynyt
Tulosjakauma
Jokaisen tuloksen saaneiden osuus
Persentiili vastausten määrän mukaan
Tuloshistoriasi
Et ole pelannut tätä visaa